000
00299nam a22001457a 4500
008
221012b ||||| |||| 00| 0 eng d
020
_a
9781946729187
041
_a
eng
080
_a
004
082
_a
004
100
_a
19
101
_a
shk
245
_a
ICD-10-CM
_c
PUCKETT C
942
_2
udc
_c
BK
999
_c
58501
_d
58501